[Event "Oslo Chess International 2014"]
[Site "Oslo"]
[Date "2014.09.28"]
[Round "7"]
[White "Solodovnichenko, Yuri"]
[Black "Hansen, Torbjørn R."]
[Result "1-0"]
[WhiteElo "2566"]
[BlackElo "2476"]
[PlyCount "53"]
[EventDate "2014.??.??"]

1. e4 e5 2. Nf3 Nc6 3. Bb5 a6 4. Ba4 Nf6 5. O-O Be7 6. Re1 b5 7. Bb3 d6 8. c3
O-O 9. h3 Na5 10. Bc2 c5 11. d4 Qc7 12. Nbd2 cxd4 13. cxd4 Nc6 14. a3 exd4 15.
Nb3 Bd7 16. Nbxd4 Rac8 17. Bf4 Ne5 18. Rc1 Qb8 19. Nf5 Bxf5 20. exf5 Nfd7 21.
Ng5 Nf6 22. Bb3 Rxc1 23. Bxc1 h6 24. Nf3 Re8 25. Bf4 Bf8 26. Nxe5 dxe5 27.
Bxf7+
1-0

[Event "Oslo Chess International 2014"]
[Site "Oslo"]
[Date "2014.09.28"]
[Round "7"]
[White "Papp, Gabor"]
[Black "Werle, Jan"]
[Result "1/2-1/2"]
[WhiteElo "2559"]
[BlackElo "2523"]
[PlyCount "39"]
[EventDate "2014.??.??"]

1. e4 c5 2. c3 d5 3. exd5 Qxd5 4. Nf3 Nf6 5. d4 e6 6. Be2 Nc6 7. O-O cxd4 8.
cxd4 Be7 9. Nc3 Qd6 10. Nb5 Qd8 11. Bf4 Nd5 12. Bg3 O-O 13. Bc4 a6 14. Bxd5
exd5 15. Nc7 Rb8 16. Rc1 Bd6 17. Nxa6 bxa6 18. Rxc6 Bxg3 19. hxg3 Rxb2 20. Rc2
1/2-1/2

[Event "Oslo Chess International 2014"]
[Site "Oslo"]
[Date "2014.09.28"]
[Round "7"]
[White "Andersen, Mads"]
[Black "Nilsen, Joachim B."]
[Result "1-0"]
[WhiteElo "2470"]
[BlackElo "2363"]
[PlyCount "95"]
[EventDate "2014.??.??"]

1. d4 Nf6 2. c4 g6 3. Nc3 Bg7 4. e4 d6 5. Nf3 O-O 6. Be2 e5 7. O-O exd4 8. Nxd4
Re8 9. f3 c6 10. Bf4 Nh5 11. Be3 f5 12. Qd2 f4 13. Bf2 Be5 14. Rfd1 Qf6 15. Na4
Na6 16. Rac1 Nc5 17. Qa5 Nxa4 18. Qxa4 Ng7 19. c5 dxc5 20. Rxc5 Be6 21. Nxe6
Nxe6 22. Rc2 Kh8 23. Rcd2 c5 24. Rd7 Nd4 25. Bc4 Re7 26. Rxe7 Qxe7 27. Bd5 a5
28. Kf1 Qc7 29. b4 b5 30. Qa3 Rc8 31. Qxa5 Qe7 32. bxc5 Nc2 33. Qa6 Rd8 34. Ke2
Ne3 35. Bxe3 fxe3 36. Qe6 Qxe6 37. Bxe6 Rxd1 38. Kxd1 Bxh2 39. Ke2 b4 40. c6
Bf4 41. g3 Bxg3 42. Kxe3 Bb8 43. Kd4 Kg7 44. Kc5 Kf6 45. Bh3 Ke7 46. Kxb4 Kd6
47. Kb5 Kc7 48. e5
1-0

[Event "Oslo Chess International 2014"]
[Site "Oslo"]
[Date "2014.09.28"]
[Round "7"]
[White "Elsness, Frode"]
[Black "Mihajlov, Sebastian"]
[Result "1-0"]
[WhiteElo "2465"]
[BlackElo "2257"]
[PlyCount "89"]
[EventDate "2014.??.??"]

1. d4 d5 2. c4 c6 3. Nc3 Nf6 4. e3 e6 5. Nf3 Nbd7 6. Qc2 Bd6 7. Bd3 O-O 8. O-O
h6 9. e4 dxe4 10. Nxe4 Nxe4 11. Bxe4 f5 12. Bd3 c5 13. d5 exd5 14. cxd5 Qf6 15.
Re1 Nb6 16. Bd2 Kh7 17. Bc3 Qf7 18. Rad1 c4 19. Bf1 Bd7 20. Ne5 Bxe5 21. Rxe5
Rae8 22. Qe2 Rxe5 23. Qxe5 Ba4 24. Rd4 Re8 25. Qd6 Bc2 26. Bxc4 Nxc4 27. Rxc4
Re7 28. Rd4 Rd7 29. Qe5 Be4 30. d6 Qxa2 31. f3 Bc2 32. Rd2 Qb3 33. h4 Bb1 34.
Rd5 Qc4 35. Qe6 Qc6 36. h5 f4 37. Kh2 b6 38. Rd1 Bc2 39. Rd2 Bb1 40. Rd4 Qb5
41. Rd5 Qc6 42. Be5 Bc2 43. Rd4 b5 44. Rxf4 Qb7 45. Rf8
1-0

[Event "Oslo Chess International 2014"]
[Site "Oslo"]
[Date "2014.09.28"]
[Round "7"]
[White "Basso, Pier Luigi"]
[Black "Tari, Aryan"]
[Result "1/2-1/2"]
[WhiteElo "2322"]
[BlackElo "2456"]
[PlyCount "49"]
[EventDate "2014.??.??"]

1. c4 e5 2. g3 c6 3. Nc3 Nf6 4. Bg2 d5 5. d4 exd4 6. Qxd4 Be6 7. cxd5 cxd5 8.
Be3 Nc6 9. Qa4 Bb4 10. Nf3 Ne4 11. Rc1 O-O 12. Nd4 Bxc3+ 13. bxc3 Nxd4 14. Bxd4
Qe7 15. O-O Rfc8 16. Qb4 Qd7 17. Rfd1 Rc4 18. Qb2 Qc7 19. f3 Nc5 20. Qd2 h6 21.
e3 Ra4 22. Qb2 f5 23. Bxc5 Qxc5 24. Rd4 b5 25. Qd2
1/2-1/2

[Event "Oslo Chess International 2014"]
[Site "Oslo"]
[Date "2014.09.28"]
[Round "7"]
[White "Manea, Alexandru"]
[Black "Bellia, Fabrizio"]
[Result "1/2-1/2"]
[WhiteElo "2368"]
[BlackElo "2408"]
[PlyCount "57"]
[EventDate "2014.??.??"]

1. d4 d5 2. c4 e6 3. Nc3 Nf6 4. cxd5 exd5 5. Bg5 Be7 6. e3 c6 7. Qc2 Nbd7 8.
Bd3 O-O 9. Nge2 Re8 10. O-O Nf8 11. Rae1 g6 12. Bxf6 Bxf6 13. b4 a6 14. a4 Be7
15. Rb1 Bd6 16. b5 axb5 17. axb5 Qc7 18. Kh1 Be6 19. bxc6 bxc6 20. Ra1 Nd7 21.
Rfc1 Rxa1 22. Rxa1 Nf6 23. h3 Qc8 24. Ng1 c5 25. Nb5 Bf8 26. dxc5 Qxc5 27. Qxc5
Bxc5 28. Nf3 Rb8 29. Kg1
1/2-1/2

[Event "Oslo Chess International 2014"]
[Site "Oslo"]
[Date "2014.09.28"]
[Round "7"]
[White "Merkesvik, Sondre"]
[Black "Djurovic, Goran"]
[Result "1/2-1/2"]
[WhiteElo "2179"]
[BlackElo "2408"]
[PlyCount "52"]
[EventDate "2014.??.??"]

1. Nf3 Nf6 2. c4 e6 3. g3 d5 4. Bg2 Be7 5. O-O O-O 6. d4 dxc4 7. Qc2 a6 8. a4
Bd7 9. Qxc4 Bc6 10. Bg5 a5 11. Nc3 Na6 12. Bxf6 Bxf6 13. e4 Nb4 14. Rfd1 b6 15.
Ne1 Be7 16. d5 exd5 17. Nxd5 Bxd5 18. exd5 Bd6 19. Nd3 Nxd3 20. Qxd3 Qf6 21. b3
Rae8 22. Ra2 Re7 23. Re2 Bc5 24. Bf3 Bb4 25. Rc1 Rd8 26. Rc4 Bd6
1/2-1/2

[Event "Oslo Chess International 2014"]
[Site "Oslo"]
[Date "2014.09.28"]
[Round "7"]
[White "Gara, Anita"]
[Black "Haug, Johannes"]
[Result "1-0"]
[WhiteElo "2322"]
[BlackElo "2194"]
[PlyCount "75"]
[EventDate "2014.??.??"]

1. e4 e6 2. d4 d5 3. Nd2 Be7 4. Ngf3 Nf6 5. Bd3 c5 6. c3 Nc6 7. O-O O-O 8. e5
Nd7 9. Re1 a5 10. Nf1 b6 11. dxc5 Nxc5 12. Bc2 f5 13. exf6 Bxf6 14. Nd4 Bd7 15.
Ng3 g6 16. Bh6 Bg7 17. Bxg7 Kxg7 18. Qd2 Qf6 19. Nf3 Rae8 20. Re3 Bc8 21. Rae1
Re7 22. a3 Bd7 23. Nd4 Rfe8 24. b4 Nb7 25. Nxc6 Bxc6 26. Rf3 Qh4 27. Qe3 e5 28.
Qxb6 Re6 29. b5 e4 30. Rfe3 Nd6 31. bxc6 Nf5 32. Nxf5+ gxf5 33. Qd4+ Re5 34. c7
f4 35. c8=Q fxe3 36. Qd7+ Kg8 37. Rxe3 Qxh2+ 38. Kxh2
1-0

[Event "Oslo Chess International 2014"]
[Site "Oslo"]
[Date "2014.09.28"]
[Round "7"]
[White "Hauge, Lars Oskar"]
[Black "Hjelmås, Lars"]
[Result "1-0"]
[WhiteElo "2322"]
[BlackElo "2302"]
[PlyCount "71"]
[EventDate "2014.??.??"]

1. e4 e6 2. d4 d5 3. Nd2 Nf6 4. e5 Nfd7 5. f4 c5 6. Ngf3 Nc6 7. c3 Qb6 8. Nb3
cxd4 9. cxd4 a5 10. a4 f6 11. Bd3 Bb4+ 12. Ke2 Be7 13. Be3 Nb4 14. Bb5 O-O 15.
Nc1 Nb8 16. Kf2 Bd7 17. Be2 N8c6 18. Nb3 Be8 19. exf6 Rxf6 20. Qd2 Bg6 21. Rhc1
Raf8 22. Nc5 Qc7 23. Kg1 Be4 24. Nxe4 dxe4 25. Ng5 Nd5 26. Nxe4 Nxe3 27. Nxf6+
Bxf6 28. Qxe3 Qd6 29. Kh1 Bxd4 30. Qb3 Rxf4 31. Rf1 Bf2 32. Bc4 Nd4 33. Qxb7
Nf5 34. Rxf2 Rxf2 35. Qa8+ Kf7 36. Qa7+
1-0

[Event "Oslo Chess International 2014"]
[Site "Oslo"]
[Date "2014.09.28"]
[Round "7"]
[White "Arvola, Benjamin"]
[Black "Djurhuus, Eivind X"]
[Result "1/2-1/2"]
[WhiteElo "2318"]
[BlackElo "2105"]
[PlyCount "106"]
[EventDate "2014.??.??"]

1. e4 c5 2. Nf3 g6 3. d4 cxd4 4. Nxd4 Nc6 5. c4 Nf6 6. Nc3 Nxd4 7. Qxd4 d6 8.
Be2 Bg7 9. Be3 O-O 10. Qd2 a5 11. O-O a4 12. Rac1 Qa5 13. Rfd1 Be6 14. f3 Rfc8
15. Nd5 Qxd2 16. Bxd2 Nxd5 17. cxd5 Bd7 18. Bc3 Bh6 19. Rb1 Rc7 20. Kf2 Rac8
21. Bd3 b5 22. Ke2 a3 23. Bd2 Bxd2 24. Kxd2 axb2 25. Rxb2 f5 26. exf5 gxf5 27.
Ke3 Rc5 28. Kd4 Ra8 29. Bc2 Rac8 30. Bb3 Kf7 31. Re2 R8c7 32. Rde1 Bc8 33. Ke3
Rc3+ 34. Kf4 Rd3 35. Rd1 Rxd1 36. Bxd1 Rc4+ 37. Ke3 f4+ 38. Kf2 Bf5 39. Bb3 Rc1
40. g3 fxg3+ 41. hxg3 Bd3 42. Re1 Rc5 43. Ke3 Bc4 44. Bxc4 Rxc4 45. Rb1 Rc2 46.
Ke4 Rxa2 47. Rxb5 Kf6 48. Rb4 Ra1 49. Rd4 Re1+ 50. Kf4 Re5 51. Rd1 h5 52. g4
hxg4 53. fxg4 Kg6
1/2-1/2

[Event "Oslo Chess International 2014"]
[Site "Oslo"]
[Date "2014.09.28"]
[Round "7"]
[White "Kjølberg, Jens Hjorth"]
[Black "Haugli, Petter"]
[Result "0-1"]
[WhiteElo "2058"]
[BlackElo "2277"]
[PlyCount "65"]
[EventDate "2014.??.??"]

1. d4 d5 2. c4 c6 3. e3 Nf6 4. Nc3 Bg4 5. Qb3 Qb6 6. Qxb6 axb6 7. cxd5 Nxd5 8.
Nxd5 cxd5 9. Bd2 Nc6 10. Bb5 Bd7 11. Nf3 e6 12. Ke2 Bd6 13. Bd3 f6 14. Bc2 O-O
15. Rhc1 g5 16. h3 Kg7 17. a3 h5 18. Bc3 Rfc8 19. Nd2 Rc7 20. Re1 Rac8 21. Bd3
Be8 22. h4 Bg6 23. Bb5 Ne7 24. Kf1 Kf7 25. Rec1 Nf5 26. Nb3 Be7 27. Bb4 Bxb4
28. axb4 Nd6 29. Be2 Rc2 30. Bd1 Rxb2 31. Rxc8 Nxc8 32. Ke1 Nd6 33. Kf1
0-1

[Event "Oslo Chess International 2014"]
[Site "Oslo"]
[Date "2014.09.28"]
[Round "7"]
[White "Raghavi, Nagarjan"]
[Black "Bjerke, Richard"]
[Result "1-0"]
[WhiteElo "2253"]
[BlackElo "2172"]
[PlyCount "53"]
[EventDate "2014.??.??"]

1. e4 e5 2. Nf3 Nc6 3. Bb5 Nf6 4. Nc3 Nd4 5. Bc4 Nxf3+ 6. Qxf3 c6 7. d3 h6 8.
h3 d6 9. Qe2 Be7 10. f4 exf4 11. Bxf4 O-O 12. Bb3 b5 13. O-O Nh7 14. Qf3 Bg5
15. Bh2 Bf6 16. e5 Qb6+ 17. Kh1 Ng5 18. Qh5 Bxe5 19. Ne4 Nxe4 20. Bxf7+ Kh8 21.
Bxe5 dxe5 22. dxe4 Qd4 23. Rad1 Qxe4 24. Bg6 Rxf1+ 25. Rxf1 Qb4 26. Qxe5 Ba6
27. Be8
1-0

[Event "Oslo Chess International 2014"]
[Site "Oslo"]
[Date "2014.09.28"]
[Round "7"]
[White "Sousa, Ludy Helsio P"]
[Black "Wallace, Paul"]
[Result "0-1"]
[WhiteElo "2228"]
[BlackElo "2200"]
[PlyCount "110"]
[EventDate "2014.??.??"]

1. e4 e5 2. Nf3 Nc6 3. Bb5 f5 4. exf5 e4 5. Qe2 Qe7 6. Bxc6 dxc6 7. Nd4 Qe5 8.
Qc4 Bxf5 9. Nxc6 Qc5 10. Qxc5 Bxc5 11. Na5 O-O-O 12. Nc3 Nf6 13. Nc4 h5 14. Ne3
Bg6 15. b3 h4 16. h3 Rh5 17. Bb2 Rg5 18. Ne2 Bxe3 19. dxe3 Nh5 20. O-O Rgd5 21.
b4 b6 22. Nd4 c5 23. c4 Rxd4 24. exd4 cxd4 25. Rfd1 Nf4 26. Bc1 Ne2+ 27. Kf1
Nc3 28. Bg5 Rd7 29. Rd2 e3 30. Rb2 Bd3+ 31. Ke1 Ne4 32. Rd1 Bxc4 33. Bxh4 g5
34. Bxg5 Nxg5 35. fxe3 d3 36. Rc1 b5 37. a4 a6 38. axb5 axb5 39. Kf2 Rf7+ 40.
Kg3 Ne4+ 41. Kh2 Rf2 42. Rxf2 Nxf2 43. Kg3 d2 44. Ra1 d1=Q 45. Rxd1 Nxd1 46.
Kf4 Bf1 47. Kf3 Nc3 48. h4 Be2+ 49. Kf4 Nd5+ 50. Ke4 Nxb4 51. Kf5 Nd5 52. e4
Ne3+ 53. Kg5 Nxg2 54. h5 Bxh5 55. Kxh5 b4
0-1

[Event "Oslo Chess International 2014"]
[Site "Oslo"]
[Date "2014.09.28"]
[Round "7"]
[White "Hanssen, Gunnar B."]
[Black "Wieweg, Johnny"]
[Result "1-0"]
[WhiteElo "2204"]
[BlackElo "2140"]
[PlyCount "65"]
[EventDate "2014.??.??"]

1. Nf3 f5 2. d4 Nf6 3. g3 g6 4. Bg2 Bg7 5. O-O O-O 6. c4 d6 7. Nc3 Qe8 8. d5
Kh8 9. Nd4 Na6 10. Rb1 Bd7 11. b4 Rb8 12. a3 Qf7 13. Bb2 Rfc8 14. Ncb5 Ra8 15.
Ne6 c6 16. Nxg7 Kxg7 17. Nd4 c5 18. Ne6+ Kg8 19. b5 Nc7 20. Ng5 Qf8 21. Qd3 h6
22. Ne6 Qf7 23. Nf4 Rf8 24. h4 g5 25. hxg5 hxg5 26. Nh3 Nh7 27. f4 g4 28. Nf2
e6 29. dxe6 Bxe6 30. Qxd6 Ne8 31. Qxc5 Bxc4 32. Nd3 Bxd3 33. Bd5
1-0

[Event "Oslo Chess International 2014"]
[Site "Oslo"]
[Date "2014.09.28"]
[Round "7"]
[White "Lillevold, Frode"]
[Black "Andersen, Alf Roger"]
[Result "0-1"]
[WhiteElo "2199"]
[BlackElo "2170"]
[PlyCount "55"]
[EventDate "2014.??.??"]

1. d4 f5 2. Bg5 h6 3. Bh4 g5 4. e4 Bg7 5. Bg3 fxe4 6. h4 Nc6 7. c3 d5 8. hxg5
Bf5 9. Bb5 e6 10. Bxc6+ bxc6 11. Qa4 Ne7 12. gxh6 Rxh6 13. Rxh6 Bxh6 14. Nd2
Kf7 15. Ne2 Qg8 16. O-O-O Qg4 17. Rh1 Qxe2 18. Rxh6 e3 19. fxe3 Qxe3 20. Rh1
Qxg3 21. Nf3 Qf4+ 22. Kd1 Bg4 23. Rh7+ Kf6 24. Qc2 Bxf3+ 25. gxf3 Qxf3+ 26. Ke1
Rg8 27. Rh6+ Rg6 28. Qh2
0-1

[Event "Oslo Chess International 2014"]
[Site "Oslo"]
[Date "2014.09.28"]
[Round "7"]
[White "Mihajlov, Svetoslav"]
[Black "Pranav, Vijay"]
[Result "0-1"]
[WhiteElo "2154"]
[BlackElo "2197"]
[PlyCount "64"]
[EventDate "2014.??.??"]

1. e4 c6 2. d4 d5 3. Nc3 dxe4 4. Nxe4 Bf5 5. Ng3 Bg6 6. Nh3 e6 7. Be2 Nf6 8.
Nf4 Bd6 9. O-O Qc7 10. Nd3 Nbd7 11. Re1 O-O 12. Be3 Rfd8 13. Qc1 h6 14. Nf4 Bh7
15. Bd3 c5 16. Bxh7+ Kxh7 17. Nfe2 Ng4 18. dxc5 Nxc5 19. Bf4 e5 20. Bd2 e4 21.
h3 Nf6 22. Nf5 Bh2+ 23. Kh1 Qd7 24. Nfd4 Be5 25. Be3 Rac8 26. Qd2 Nd5 27. Rad1
f5 28. Nf4 Nxf4 29. Bxf4 Bxd4 30. Qa5 b6 31. Qb4 a5 32. Qa3 Qc6
0-1

[Event "Oslo Chess International 2014"]
[Site "Oslo"]
[Date "2014.09.28"]
[Round "7"]
[White "Goossens, Hanne"]
[Black "Einarsen, Kenneth"]
[Result "1-0"]
[WhiteElo "2187"]
[BlackElo "2106"]
[PlyCount "49"]
[EventDate "2014.??.??"]

1. e4 c6 2. d4 d5 3. Nc3 dxe4 4. Nxe4 Nd7 5. Nf3 Ngf6 6. Bd3 Nxe4 7. Bxe4 Nf6
8. Bd3 Bg4 9. c3 e6 10. Bf4 Bd6 11. Bg3 Qc7 12. Qe2 Nd5 13. Bxd6 Qxd6 14. g3
Nf6 15. Qe5 Qd5 16. Qxd5 Nxd5 17. Ne5 Bh5 18. O-O f6 19. Nc4 O-O-O 20. Rfe1
Rhe8 21. a4 Bf7 22. f3 h5 23. Kf2 c5 24. dxc5 Nxc3 25. Nd6+
1-0

[Event "Oslo Chess International 2014"]
[Site "Oslo"]
[Date "2014.09.28"]
[Round "8"]
[White "Papp, Gabor"]
[Black "Istratescu, Andrei"]
[Result "1-0"]
[WhiteElo "2559"]
[BlackElo "2653"]
[PlyCount "89"]
[EventDate "2014.??.??"]

1. e4 c5 2. c3 e6 3. d4 d5 4. e5 Nc6 5. Nf3 Bd7 6. Be2 Nge7 7. O-O Nf5 8. dxc5
Bxc5 9. Nbd2 O-O 10. Nb3 Be7 11. Bd3 Nh4 12. Nxh4 Bxh4 13. f4 g6 14. Be3 Be7
15. Qe2 Qc7 16. Kh1 Rae8 17. Qc2 Kg7 18. Rae1 f6 19. exf6+ Bxf6 20. Qd2 Kg8 21.
Bb1 b6 22. Qd3 Rf7 23. Nd2 Ref8 24. a3 Ne7 25. Nf3 Nf5 26. Bg1 Nh4 27. Nxh4
Bxh4 28. g3 Bf6 29. Bd4 Bxd4 30. Qxd4 g5 31. Re5 Rg7 32. f5 exf5 33. Bxf5 Rgf7
34. Be6 Bxe6 35. Rxg5+ Rg7 36. Rxf8+ Kxf8 37. Qf6+ Rf7 38. Qxe6 Qc5 39. Rxd5
Qf2 40. Qh6+ Ke8 41. Qe6+ Kf8 42. Rd8+ Kg7 43. Qg4+ Kf6 44. Rd6+ Ke7 45. Rd7+
1-0

[Event "Oslo Chess International 2014"]
[Site "Oslo"]
[Date "2014.09.28"]
[Round "8"]
[White "Romanov, Evgeny"]
[Black "Basso, Pier Luigi"]
[Result "1-0"]
[WhiteElo "2647"]
[BlackElo "2322"]
[PlyCount "83"]
[EventDate "2014.??.??"]

1. d4 Nf6 2. Nf3 e6 3. Bg5 c5 4. e3 cxd4 5. exd4 Qb6 6. Bc1 Nc6 7. c3 d5 8. Bd3
Bd6 9. O-O O-O 10. Re1 Re8 11. Ne5 Bxe5 12. dxe5 Nd7 13. Qc2 Nf8 14. Nd2 Qc7
15. Nf3 b6 16. Qa4 Bb7 17. Qg4 Kh8 18. Qh5 f5 19. exf6 gxf6 20. Bh6 Re7 21. Qh4
Rf7 22. Bxf8 Raxf8 23. Rxe6 Ne5 24. Be2 Bc8 25. Nd4 Rg7 26. Rxf6 Rxg2+ 27. Kxg2
Qg7+ 28. Kh1 Qxf6 29. Qxf6+ Rxf6 30. f3 Bh3 31. Rg1 Ng6 32. Rg3 Nf4 33. Kg1 Bd7
34. Bf1 h6 35. Kf2 Rf8 36. Ke3 Rf6 37. Bd3 Rf7 38. a3 Rf8 39. Bf5 Bxf5 40. Kxf4
Be6+ 41. Ke5 Bg8 42. f4
1-0

[Event "Oslo Chess International 2014"]
[Site "Oslo"]
[Date "2014.09.28"]
[Round "8"]
[White "Rozentalis, Eduardas"]
[Black "Andersen, Mads"]
[Result "1-0"]
[WhiteElo "2615"]
[BlackElo "2470"]
[PlyCount "85"]
[EventDate "2014.??.??"]

1. e4 e5 2. Nf3 Nc6 3. Bb5 Nf6 4. d3 Bc5 5. c3 O-O 6. O-O d6 7. Nbd2 Ne7 8. d4
exd4 9. cxd4 Bb6 10. h3 d5 11. e5 Ne4 12. Re1 Bf5 13. Nb3 Ng6 14. Be3 f6 15.
exf6 Qxf6 16. Nc5 c6 17. Bf1 Ba5 18. Nxe4 Bxe4 19. Nd2 Nf4 20. Nxe4 dxe4 21.
Qb3+ Kh8 22. Rec1 Nd5 23. Rc2 Bb6 24. Rd2 Rad8 25. Rad1 h5 26. Be2 Bc7 27. Bxh5
Nxe3 28. Qxe3 Bf4 29. Qxe4 Bxd2 30. Rxd2 Rd5 31. Bd1 Qf4 32. Qe2 g6 33. Bc2 Kg7
34. Bb3 Rd7 35. Rd3 Rfd8 36. Rg3 Rxd4 37. Bc2 R8d6 38. Qe7+ Kh6 39. Qe8 Qc1+
40. Kh2 Kh5 41. Qh8+ Qh6 42. Rg5+ Kxg5 43. Qe5+
1-0

[Event "Oslo Chess International 2014"]
[Site "Oslo"]
[Date "2014.09.28"]
[Round "8"]
[White "Werle, Jan"]
[Black "Prohaszka, Peter"]
[Result "1/2-1/2"]
[WhiteElo "2523"]
[BlackElo "2588"]
[PlyCount "137"]
[EventDate "2014.??.??"]

1. d4 d5 2. c4 c6 3. Nf3 Nf6 4. Nc3 dxc4 5. a4 Bf5 6. Ne5 e6 7. f3 c5 8. e4 Bg6
9. Be3 cxd4 10. Qxd4 Qxd4 11. Bxd4 Nfd7 12. Nxd7 Nxd7 13. Bxc4 a6 14. Rc1 Rg8
15. h4 h5 16. Kf2 Bd6 17. Nb1 Ke7 18. Nd2 f6 19. Be2 Rac8 20. Nc4 Bb4 21. Bc3
Bxc3 22. Rxc3 b5 23. axb5 axb5 24. Na5 Rxc3 25. bxc3 Rc8 26. Bxb5 Rxc3 27. Nc6+
Kf8 28. Ra1 Be8 29. Nd4 Ke7 30. Ra8 Bf7 31. Nc6+ Kd6 32. Nd8 Ne5 33. Nxf7+ Nxf7
34. Rg8 g5 35. Be8 Rc2+ 36. Kg1 Ke7 37. hxg5 Nxg5 38. Bxh5 e5 39. Rg7+ Kf8 40.
Ra7 Kg8 41. Kh2 Rc3 42. Bg4 Kf8 43. Bf5 Ke8 44. Kg3 Kd8 45. Kg4 Rc2 46. g3 Rg2
47. Rd7+ Ke8 48. Rd3 Ke7 49. Bd7 Ne6 50. Bxe6 Kxe6 51. Ra3 Kf7 52. Kf5 Rxg3 53.
Ra7+ Kf8 54. Kxf6 Rxf3+ 55. Kxe5 Rh3 56. Kd5 Ke8 57. e5 Rh6 58. Rc7 Ra6 59. Ke4
Ra4+ 60. Kf5 Ra6 61. Rc4 Ke7 62. Rh4 Rb6 63. Rh7+ Ke8 64. Rg7 Ra6 65. Rb7 Rc6
66. Ra7 Rb6 67. e6 Rb1 68. Kf6 Rf1+ 69. Ke5
1/2-1/2

[Event "Oslo Chess International 2014"]
[Site "Oslo"]
[Date "2014.09.28"]
[Round "8"]
[White "Turov, Maxim"]
[Black "Gledura, Benjamin"]
[Result "1-0"]
[WhiteElo "2586"]
[BlackElo "2414"]
[PlyCount "81"]
[EventDate "2014.??.??"]

1. Nf3 d5 2. g3 Bg4 3. Bg2 Nd7 4. O-O e6 5. d3 c6 6. e4 Bd6 7. h3 Bh5 8. Qe1
Ne7 9. Nfd2 Qc7 10. d4 Qb6 11. e5 Bc7 12. Nb3 Bg6 13. Qe2 Qb5 14. Qd1 a5 15.
Nc3 Qa6 16. a4 O-O 17. f4 b5 18. axb5 cxb5 19. g4 b4 20. Na4 Qc6 21. Rf2 f6 22.
Be3 Nb6 23. exf6 Rxf6 24. Nxb6 Bxb6 25. Nc5 Raf8 26. c3 Bc7 27. cxb4 Bxf4 28.
Bxf4 Rxf4 29. Rxf4 Rxf4 30. bxa5 e5 31. a6 Rxd4 32. Qxd4 exd4 33. a7 Qa8 34.
Nd7 Nc8 35. Bxd5+ Qxd5 36. a8=Q Qxd7 37. Rc1 Kf7 38. Qxc8 Qxc8 39. Rxc8 d3 40.
Kf2 h5 41. Rc7+
1-0

[Event "Oslo Chess International 2014"]
[Site "Oslo"]
[Date "2014.09.28"]
[Round "8"]
[White "Svane, Rasmus"]
[Black "Solodovnichenko, Yuri"]
[Result "0-1"]
[WhiteElo "2506"]
[BlackElo "2566"]
[PlyCount "58"]
[EventDate "2014.??.??"]

1. d4 d5 2. c4 e6 3. Nc3 c6 4. e4 dxe4 5. Nxe4 Bb4+ 6. Bd2 Qxd4 7. Bxb4 Qxe4+
8. Be2 Na6 9. Ba5 f6 10. Nf3 b6 11. Nd2 Qf5 12. Bh5+ g6 13. Bf3 Qe5+ 14. Kf1
Qc7 15. Bc3 e5 16. Ne4 Kf7 17. Nd6+ Ke7 18. Nb5 cxb5 19. Bxa8 bxc4 20. Qd2 Bf5
21. Bb4+ Nxb4 22. Qxb4+ Qd6 23. Qa4 Bd3+ 24. Kg1 a5 25. Rd1 f5 26. Bf3 Nf6 27.
Be2 e4 28. Bxd3 cxd3 29. Qc4 Rd8
0-1

[Event "Oslo Chess International 2014"]
[Site "Oslo"]
[Date "2014.09.28"]
[Round "8"]
[White "Hansen, Torbjørn R."]
[Black "Manea, Alexandru"]
[Result "1/2-1/2"]
[WhiteElo "2476"]
[BlackElo "2368"]
[PlyCount "52"]
[EventDate "2014.??.??"]

1. c4 c6 2. Nf3 d5 3. g3 Nf6 4. Bg2 Bg4 5. Ne5 Bc8 6. O-O Nbd7 7. d4 e6 8. Nc3
Be7 9. Bf4 O-O 10. Rc1 Nh5 11. Bd2 g6 12. Nxd7 Bxd7 13. e4 dxc4 14. Bh6 Ng7 15.
d5 exd5 16. exd5 Re8 17. Bxg7 Kxg7 18. dxc6 Bxc6 19. Bxc6 bxc6 20. Na4 Qd5 21.
Qc2 Bg5 22. Rcd1 Qe4 23. Qxe4 Rxe4 24. Nc3 Re6 25. Rd4 Rb8 26. Rb1 Bf6
1/2-1/2

[Event "Oslo Chess International 2014"]
[Site "Oslo"]
[Date "2014.09.28"]
[Round "8"]
[White "Bellia, Fabrizio"]
[Black "Elsness, Frode"]
[Result "1/2-1/2"]
[WhiteElo "2408"]
[BlackElo "2465"]
[PlyCount "83"]
[EventDate "2014.??.??"]

1. d4 Nf6 2. Nf3 g6 3. g3 Bg7 4. Bg2 d5 5. O-O O-O 6. c4 c6 7. cxd5 cxd5 8. Nc3
Ne4 9. Ne5 Nxc3 10. bxc3 Nc6 11. Nxc6 bxc6 12. Ba3 Bf5 13. Qa4 Qd7 14. Rfe1
Rab8 15. Rad1 Rb7 16. e3 Rfb8 17. Bf1 Be4 18. Bg2 Bxg2 19. Kxg2 e6 20. Qc2 Bf8
21. Bxf8 Kxf8 22. Rb1 Rb5 23. a4 R5b7 24. Qa2 Kg7 25. Rec1 c5 26. dxc5 Qc6 27.
Rxb7 Rxb7 28. Kg1 Qxc5 29. a5 h5 30. h4 Kh7 31. a6 Rc7 32. Qa1 Rc6 33. Rb1 Qc4
34. Qa3 Qxc3 35. Qxc3 Rxc3 36. Rb7 Kg7 37. Rxa7 Ra3 38. Kf1 Ra2 39. Kg2 Kf6 40.
Kf3 Kg7 41. Ra8 Kf6 42. Ra7
1/2-1/2

[Event "Oslo Chess International 2014"]
[Site "Oslo"]
[Date "2014.09.28"]
[Round "8"]
[White "Tari, Aryan"]
[Black "Hauge, Lars Oskar"]
[Result "1-0"]
[WhiteElo "2456"]
[BlackElo "2322"]
[PlyCount "39"]
[EventDate "2014.??.??"]

1. e4 e6 2. d4 d5 3. Nc3 Bb4 4. e5 Ne7 5. a3 Bxc3+ 6. bxc3 c5 7. Qg4 Qc7 8. Bd3
cxd4 9. Ne2 dxc3 10. Qxg7 Rg8 11. Qxh7 Qxe5 12. h4 Rxg2 13. Bf4 Qf6 14. Kf1 Rg8
15. Bg5 Qf3 16. Ng3 Rxg5 17. hxg5 Nbc6 18. Rh4 Kf8 19. Qh6+ Kg8 20. Qh8#
1-0

[Event "Oslo Chess International 2014"]
[Site "Oslo"]
[Date "2014.09.28"]
[Round "8"]
[White "Galyas, Miklos"]
[Black "Merkesvik, Sondre"]
[Result "1/2-1/2"]
[WhiteElo "2421"]
[BlackElo "2179"]
[PlyCount "29"]
[EventDate "2014.??.??"]

1. d4 Nf6 2. c4 g6 3. Nc3 d5 4. cxd5 Nxd5 5. e4 Nxc3 6. bxc3 Bg7 7. Qa4+ c6 8.
Nf3 O-O 9. Be3 Nd7 10. Rd1 e5 11. Bd3 Nb6 12. Qc2 Bg4 13. Be2 Bxf3 14. gxf3 Qh4
15. Qb3
1/2-1/2

[Event "Oslo Chess International 2014"]
[Site "Oslo"]
[Date "2014.09.28"]
[Round "8"]
[White "Djurovic, Goran"]
[Black "Gara, Anita"]
[Result "0-1"]
[WhiteElo "2408"]
[BlackElo "2322"]
[PlyCount "64"]
[EventDate "2014.??.??"]

1. Nf3 Nf6 2. c4 g6 3. Nc3 Bg7 4. e4 d6 5. d4 O-O 6. Be2 e5 7. O-O Nc6 8. d5
Ne7 9. b4 Ne8 10. c5 f5 11. Ng5 h6 12. Ne6 Bxe6 13. dxe6 fxe4 14. Bc4 Nf6 15.
cxd6 cxd6 16. Nd5 Kh7 17. Ba3 Nexd5 18. Bxd5 Qb6 19. Bb3 e3 20. Qe2 exf2+ 21.
Qxf2 Qa6 22. e7 Rfe8 23. Qe3 d5 24. Qxe5 Qb6+ 25. Kh1 Ng4 26. Qe2 Bxa1 27. Rxa1
Nf2+ 28. Kg1 Nh3+ 29. Kh1 Nf2+ 30. Kg1 Ne4+ 31. Kh1 Rxe7 32. Qf1 Nf2+
0-1

[Event "Oslo Chess International 2014"]
[Site "Oslo"]
[Date "2014.09.28"]
[Round "8"]
[White "Nilsen, Joachim B."]
[Black "Hanssen, Gunnar B."]
[Result "1/2-1/2"]
[WhiteElo "2363"]
[BlackElo "2204"]
[PlyCount "89"]
[EventDate "2014.??.??"]

1. c4 Nf6 2. g3 e6 3. Bg2 d5 4. Nf3 Be7 5. O-O O-O 6. d4 c6 7. Nc3 a6 8. c5
Nbd7 9. Bf4 Nh5 10. b4 Nxf4 11. gxf4 b6 12. Qc2 a5 13. a3 Ba6 14. Rfb1 Qc7 15.
e3 Rfc8 16. Kh1 Rab8 17. Rg1 Rb7 18. Bf1 Bxf1 19. Raxf1 axb4 20. axb4 bxc5 21.
bxc5 Rcb8 22. Rb1 Qa5 23. Nd2 Rxb1 24. Rxb1 Rxb1+ 25. Ncxb1 Qa6 26. Nc3 Nf6 27.
Kg2 h6 28. Nf3 Nd7 29. Qb1 Bd8 30. Na2 g5 31. fxg5 hxg5 32. h3 Kg7 33. Nc1 Bf6
34. e4 Qc4 35. e5 Bd8 36. Nb3 Qc3 37. Nbd2 Nf8 38. Qb8 Be7 39. Qb3 Qc1 40. Qe3
Kg6 41. Ne1 Kg7 42. Nd3 Qd1 43. Kh2 Ng6 44. Nf3 Qf1 45. Nd2
1/2-1/2

[Event "Oslo Chess International 2014"]
[Site "Oslo"]
[Date "2014.09.28"]
[Round "8"]
[White "Hjelmås, Lars"]
[Black "Pranav, Vijay"]
[Result "0-1"]
[WhiteElo "2302"]
[BlackElo "2197"]
[PlyCount "96"]
[EventDate "2014.??.??"]

1. d4 Nf6 2. c4 g6 3. Nc3 d5 4. cxd5 Nxd5 5. e4 Nxc3 6. bxc3 Bg7 7. Bc4 c5 8.
Ne2 O-O 9. O-O Nc6 10. Be3 Bg4 11. f3 Bd7 12. Rb1 Qc7 13. Bf4 e5 14. Bg3 cxd4
15. cxd4 Rac8 16. Bd5 Nxd4 17. Rxb7 Qc5 18. Nxd4 Bc6 19. Bxc6 Rxc6 20. Bf2 exd4
21. Qa4 a6 22. Qb3 Qc4 23. Rd1 Rd8 24. Rb8 Rxb8 25. Qxb8+ Rc8 26. Qb3 Qe2 27.
Re1 Qd2 28. Qd1 Qxa2 29. e5 Rd8 30. Qd3 a5 31. f4 a4 32. Bh4 Rc8 33. Qxd4 a3
34. Be7 Qb3 35. Qd7 Ra8 36. Qc6 Rb8 37. Bd6 Rd8 38. Qc7 Ra8 39. Qc6 Rd8 40. Qc7
Ra8 41. Qc6 Qa4 42. Qxa4 Rxa4 43. Ra1 a2 44. Kf2 Rxf4+ 45. Ke3 Ra4 46. Kd3 f5
47. Kc2 Ra6 48. Bb8 Kf7
0-1